| 000 | 00633cam a2200193 a 4500 | ||
|---|---|---|---|
| 001 | 4820405 | ||
| 005 | 20250617105944.0 | ||
| 008 | 890627s1989 flu 000 0 eng | ||
| 020 | _a0884192415 | ||
| 050 | 0 | 0 |
_aBR115.C45 _bD38 1989 |
| 082 | 0 | 0 |
_a269/.2/091732 _220 |
| 100 | 1 |
_aDawson, John, _d1951- |
|
| 245 | 1 | 0 |
_aTaking our cities for God : _bhow to break spiritual strongholds / _cJohn Dawson ; foreword by Jack Hayford. |
| 260 |
_aLake Mary, Fla. : _bCreation House, _cc1989. |
||
| 300 |
_a219 p. ; _c21 cm. |
||
| 650 | 0 |
_aCities and towns _xReligious aspects _xChristianity. |
|
| 650 | 0 | _aSpiritual warfare. | |
| 942 |
_2lcc _cBK _n0 |
||
| 999 |
_c6538 _d6538 |
||